Name the Current NBA Player 2025/26 - Statistics

General Stats
  • This quiz has been taken 54 times
  • The average score is 14 of 16
Answer Stats
Picture Answer % Correct
Tyrese Haliburton
98%
Anthony Davis
96%
Draymond Green
96%
Joel Embiid
96%
Josh Giddey
96%
James Harden
94%
Rudy Gobert
94%
Trae Young
94%
Cooper Flagg
92%
Jimmy Butler
92%
Derrick White
90%
Zach Lavine
84%
Zach Edey
80%
Donte DiVincenzo
69%
Nikola Vucevic
69%
Matas Buzelis
51%
No matching quizzes found
Score Distribution
Percent of People with Each Score
Percentile by Number Answered
Your Score History
You have not taken this quiz